| 000 | 00548nam a22001817a 4500 | ||
|---|---|---|---|
| 005 | 20251108172124.0 | ||
| 008 | 250721s1993 xx 000 0 ara d | ||
| 082 | 1 | 4 | _a301.45159/بلا |
| 100 | 1 |
_aبلال، مازن _eكاتب سيناريو |
|
| 245 | 1 | 0 |
_aالمسألة الكردية : _bالوهم و الحقيقة / |
| 264 | 1 |
_aبيروت : _bبيسان للنشر، _c1993. |
|
| 300 | _a168 ص | ||
| 650 | 1 | 7 | _aالأقليات |
| 650 | 1 | 7 | _aالأكراد |
| 650 | 1 | 7 | _aتاريخ العراق |
| 942 |
_2ddc _cBK |
||
| 999 |
_c70999 _d70999 |
||